003960000a220012100045001000021000002450044000213000051000657000020001167730023001369420008001599520090001679990017002571 aKinsler, F. Ross10aLa evangelización de América Latina aVol. 11, Num. 1 (Junio, 1991), Páginas 13-181 aKinsler, Gloria0 tVida y pensamiento cANA 001040708HEMaFUSBCbFUSBCd2016-01-26l0o r2016-01-26 00:00:00w2016-01-26yANA c53005d53005